| 000 | 01078nam a2200277 a 4500 | ||
|---|---|---|---|
| 001 | 000011357 | ||
| 005 | 20200929162428.0 | ||
| 008 | 091016s2004 dr r 001 0 spa d | ||
| 020 | _a1932271392 | ||
| 040 |
_aDO-SdBNP _bspa _cBNPHU |
||
| 082 |
_aH862.44 _bN273d |
||
| 100 | 1 |
_aNáter, Miguel Ángel _d1968- _926964 |
|
| 245 | 1 | 4 |
_aLos demonios de la duda : _bteatro existencialista hispanoamericano / _cMiguel Angel Náter. |
| 260 |
_aSan Juan, Puerto Rico: _aSanto Domingo : _bIsla Negra, _c2004. |
||
| 300 |
_a112 p. ; _c22 cm. |
||
| 490 | 1 | _aVisiones y cegueras | |
| 504 | _aIncluye referencias bibliográficas | ||
| 500 | _aIncluye datos biográficos del autor en la solapa de la cubierta | ||
| 590 | _aInventariado, 2019/DG | ||
| 650 | 4 |
_aTeatro hispanoamericano _xHistoria y crítica _926965 |
|
| 650 | 4 |
_aExistencialísmo en la literatura _xEnsayos, confencias, etc. _926966 |
|
| 650 | 4 |
_aFilosofía en la literatura _926967 |
|
| 650 | 4 |
_aVanguardísmo (literatura) _926968 |
|
| 830 | 0 |
_aVisiones y cegueras _91120 |
|
| 910 | _aValidado. Control de calidad. MMOLINA | ||
| 999 |
_c11064 _d11064 |
||